Tabela Wszechczasów Ekstraklasy - Statystyki

Ogólne statystyki
  • Ten quiz został rozwiązany 104 razy
  • Średni wynik to 44 z 98
Statystyki odpowiedzi
Miejsce Punkty Odpowiedź % Poprawnych
27 495 Arka Gdynia
99%
14 983 Lechia Gdańsk
97%
4 2383 Lech Poznań
97%
1 3446 Legia Warszawa
97%
7 1676 Pogoń Szczecin
97%
3 2481 Górnik Zabrze
96%
18 827 Jagiellonia Białystok
96%
6 1864 ŁKS Łódź
96%
2 2865 Wisła Kraków
96%
12 1051 GKS Katowice
94%
8 1575 Śląsk Wrocław
94%
5 2357 Ruch Chorzów
93%
9 1459 Widzew Łódź
93%
13 1016 Polonia Warszawa
92%
10 1406 Zagłębie Lubin
92%
11 1373 Cracovia Kraków
89%
17 901 Stal Mielec
89%
38 252 Motor Lublin
87%
22 614 Warta Poznań
87%
16 901 Polonia Bytom
86%
28 487 Raków Częstochowa
85%
36 255 Stal Rzeszów
80%
20 648 Korona Kielce
79%
33 340 Zawisza Bydgoszcz
79%
43 200 Radomiak Radom
77%
15 943 Zagłębie Sosnowiec
77%
21 625 Piast Gliwice
76%
25 523 Odra Opole
75%
59 66 Puszcza Niepołomice
73%
35 291 Stomil Olsztyn
72%
23 601 Wisła Płock
72%
29 486 Amica Wronki
70%
63 63 Miedź Legnica
68%
39 229 Górnik Łęczna
66%
30 471 GKS Bełchatów
65%
55 107 GKS Tychy
63%
32 357 Pogoń Lwów
63%
56 103 Stal Stalowa Wola
63%
45 169 Podbeskidzie Bielsko-Biała
62%
19 650 Szombierki Bytom
59%
52 119 Termalica Nieciecza
55%
37 254 Hutnik Kraków
54%
34 312 Garbarnia Kraków
51%
31 434 Dyskobolia Grodzisk Wielkopolski
42%
26 514 Odra Wodzisław Śląski
39%
47 154 Górnik Wałbrzych
35%
60 65 Siarka Tarnobrzeg
35%
62 64 KSZO Ostrowiec Świętokrzyski
34%
95 9 Pogoń Siedlce
34%
44 188 Bałtyk Gdynia
32%
81 19 GKS Jastrzębie
32%
24 542 Gwardia Warszawa
31%
42 220 Olimpia Poznań
30%
75 23 RKS Radomsko
30%
46 165 ROW Rybnik
30%
76 23 Górnik Polkowice
28%
54 109 Ruch Radzionków
28%
51 122 Czarni Lwów
27%
78 22 Świt Nowy Dwór Mazowiecki
27%
73 32 Szczakowianka Jaworzno
25%
48 142 Zagłębie Wałbrzych
24%
53 109 Sokół Pniewy
23%
72 33 Sandencja Nowy Sącz
20%
90 11 Śmigły Wilno
20%
77 22 Tarnovia Tarnów
20%
41 222 Warszawianka
20%
88 12 Skra Częstochowa
18%
58 76 Klub Turystów Łódź
17%
66 38 Unia Racibórz
17%
50 129 Polonia Bydgoszcz
15%
57 88 1. FC Katowice
14%
40 223 AKS Chorzów
14%
61 64 Arkonia Szczecin
14%
93 11 Lechia Lwów
14%
64 45 Śląsk Świętochłowice
14%
85 14 Dąb Katowice
13%
49 136 Górnik Radlin
13%
67 38 Hasmonea Lwów
13%
74 27 Podgórze Kraków
13%
68 38 TKS Toruń
13%
69 37 Wawel Kraków
13%
70 37 Iglopool Dębica
8%
92 11 Jutrzenka Kraków
8%
86 12 Czuwaj Przemyśl
6%
83 17 Gedania Gdańsk
6%
79 22 Lublinianka Lublin
4%
82 18 Pomorzanin Toruń
4%
65 41 Rymer Rybnik
4%
71 36 WKS 22 pp Siedlce
4%
89 12 ŁTSG Łódź
3%
80 20 Tęcza Kielce
3%
98 2 Pogoń Wilno
1%
87 12 Glinik Gorlice
0%
94 9 Kolejarz Łódź
0%
84 15 Polonia Świdnica
0%
96 7 Warmia Olsztyn
0%
97 5 Wilia Wilno
0%
91 11 WMKS Katowice
0%
Nie znaleziono quizów pasujących do podanych kryteriów
Rozkład punktacji
Procent ludzi z każdym wynikiem
Percentyl według liczby udzielonych odpowiedzi
Twoja historia wyników
Nie rozwiązałeś tego quizu